| 000 | 00852nam a22002655i 4500 | ||
|---|---|---|---|
| 001 | 18644 | ||
| 003 | ES-MaACL | ||
| 005 | 20230906151904.0 | ||
| 007 | t| | ||
| 008 | 020218s1997 sp ||||0| spa j | ||
| 020 | _a84-88306-29-6 | ||
| 040 |
_aM-BN _bspa _cM-BN |
||
| 080 | _a355.02(460) | ||
| 245 | 0 | 3 |
_aLa defensa de España ante el siglo XXI / _cHermann Oehling Ruiz, coordinador ; Julio Albert Ferrero ... [et al.]. |
| 260 |
_aMadrid : _bFundación Cánovas del Castillo, _c1997. |
||
| 300 |
_a399 p : _bil ; _c21 cm. |
||
| 490 | 1 | _aVeintiuno | |
| 651 | 4 |
_aEspaña- _xDefensa nacional. _98182 |
|
| 700 | 1 |
_aOehling Ruiz, Hermann. _986544 |
|
| 700 | 1 |
_aAlbert Ferrero, Julio. _919322 |
|
| 710 | 2 |
_aFundación Cánovas del Castillo. _94244 |
|
| 830 | 0 |
_aVeintiuno _9180481 |
|
| 852 |
_aES-MaACL _jL-25219 _bR.130728 |
||
| 999 |
_c18644 _d18644 |
||